| 000 | 01113cam a2200301 a 4500 | ||
|---|---|---|---|
| 001 | 1597544 | ||
| 003 | OSt | ||
| 005 | 20240419120114.0 | ||
| 008 | 940615s1995 enka b 001 0 eng | ||
| 010 | _a 94027644 | ||
| 020 | _a0521452554 (hardback) | ||
| 020 | _a0521458897 (pbk.) | ||
| 040 |
_aDLC _cDLC _dDLC |
||
| 050 | 0 | 0 |
_aQA251.3 _b.R45 1995 |
| 082 | 0 | 0 |
_a512 REI 1995 _220 |
| 100 | 1 |
_aReid, Miles _95969 |
|
| 245 | 1 | 0 | _aUndergraduate Commutative Algebra |
| 260 |
_aCambridge; _bCambridge University Press, _c1995. |
||
| 300 |
_axiii, 153 p. : _bill. ; _c24 cm. |
||
| 440 | 0 |
_aLondon Mathematical Society student texts ; _v29 _95970 |
|
| 504 | _aIncludes bibliographical references (p. 149) and index. | ||
| 650 | 0 |
_aAlgebra. _95971 |
|
| 856 | 4 | 2 |
_3Publisher description _uhttp://www.loc.gov/catdir/description/cam026/94027644.html |
| 856 | 4 | 1 |
_3Table of contents _uhttp://www.loc.gov/catdir/toc/cam027/94027644.html |
| 906 |
_a7 _bcbc _corignew _d1 _eocip _f19 _gy-gencatlg |
||
| 942 |
_2ddc _cSLOAN |
||
| 999 |
_c2405 _d2405 |
||